Meistgestreamte deutschsprachige Songs auf Spotify - Statistiken

Allgemein
  • Dieses Quiz wurde 6.800 mal gespielt
    6.059 seit der letzten Aktualisierung
  • Das Durchschnittsergebnis liegt bei 9 aus 20
Antwortstatistiken
Streams
in Mio.
Interpret Erscheinungsjahr Lied % Korrekt
481,9 Nena 1983 99 Luftballons
89%
425,5 Apache 207 2019 Roller
86%
245,1 Udo Lindenberg & Apache 207 2023 Komet
70%
552,4 Rammstein 2001 Sonne
66%
499,5 Rammstein 2019 Deutschland
65%
247,5 Juju feat. Henning May 2019 Vermissen
56%
255,2 Bausa 2017 Was du Liebe nennst
55%
211,4 Alligatoah 2013 Willst du
52%
623,6 Rammstein 1997 Du hast
44%
289,3 Bonez MC & RAF Camora 2016 Ohne mein Team
42%
312,4 Rammstein 1997 Engel
40%
208,6 Apache 207 2019 200 km/h
33%
259,9 Bonez MC & RAF Camora 2018 500 PS
33%
217,4 Pashanim 2021 Sommergewitter
33%
217,2 Luciano feat. Aitch & Bia 2022 Bamba
26%
230,9 Rammstein 2004 Amerika
21%
224,6 Rammstein 2019 Ausländer
15%
259,7 Rammstein 2001 Feuer frei!
15%
253,4 Rammstein 2001 Ich will
14%
206,1 Rammstein 2001 Mein Herz brennt
14%
Keine übereinstimmenden Quizze gefunden
Verteilung der Resultate
Anzahl Personen mit jedem Resultat
Perzentil nach korrekt beantworteten Fragen
Ihre Resultats-Entwicklung
Sie haben dieses Quiz seit der letzten Aktualisierung nicht gespielt